Integrated Pest Management In Rainfed Rice Production Systems (Record no. 299088)
[ view plain ]
| 000 -LEADER | |
|---|---|
| fixed length control field | 00336nam a22001217a 4500 |
| 082 ## - DEWEY DECIMAL CLASSIFICATION NUMBER | |
| Classification number | 633.18 PAS/IN |
| 100 ## - MAIN ENTRY--PERSONAL NAME | |
| Personal name | I C Pasalu |
| -- | Gururaj Katti |
| 245 ## - TITLE STATEMENT | |
| Title | Integrated Pest Management In Rainfed Rice Production Systems |
| 260 ## - PUBLICATION, DISTRIBUTION, ETC. (IMPRINT) | |
| Place of publication, distribution, etc. | Hyderabad |
| Name of publisher, distributor, etc. | ICAR |
| Date of publication, distribution, etc. | 2005 |
| 300 ## - PHYSICAL DESCRIPTION | |
| Extent | 47 |
| 650 ## - SUBJECT ADDED ENTRY--TOPICAL TERM | |
| Topical term or geographic name as entry element | insect pests |
| -- | implimentation of IPM |
| 942 ## - ADDED ENTRY ELEMENTS (KOHA) | |
| Koha item type | Reference Book |
| Withdrawn status | Lost status | Damaged status | Not for loan | Home library | Current library | Date acquired | Total Checkouts | Full call number | Barcode | Date last seen | Price effective from | Koha item type |
|---|---|---|---|---|---|---|---|---|---|---|---|---|
| College of Agriculture, Padannakkad | College of Agriculture, Padannakkad | 01/03/2016 | 633.18 PAS/IN | KAU_COAP-08919 | 01/03/2016 | 01/03/2016 | Reference Book |
